000 00321nam a22001337a 4500
008 170830b xxu||||| |||| 00| 0 eng d
020 _a9780810867086
041 _aeng
080 _a070
100 _a40
101 _aMRD
245 _aELECTRONIC RECORDS IN THE MANUSCRIPT REPOSITORY
_cDOW.W.H
942 _2udc
_cBK
999 _c25604
_d25604